Statistics for Fill in the blank sports

Click here to take the quiz!

General Stats

  • This quiz has been taken 61 times
  • The average score is 14 of 15

Answer Stats

HintAnswer% Correct
H_c__yHockey
100%
V_ll_yb_llVolleyball
100%
B_s_b_llBaseball
98%
B_x_ngBoxing
98%
F__b_llFootball
98%
S_c_e_Soccer
98%
T_nn_sTennis
98%
Ba__e_b_llBasketball
96%
F__ld H_ck_yField Hockey
96%
L_cr_oss_Lacrosse
96%
Tr_ck _nd F__ldTrack and Field
96%
C_o_s C_unt_yCross Country
94%
Wr_es_l_ngWrestling
94%
G_l_Golf
87%
B_dm_tt_nBadmitton
79%

Score Distribution

Percentile by Number Answered

Percent of People with Each Score

Your Score History

You have not taken this quiz